000 01586cab a2200265 4500
001 ##L131824
008 051212n2005 000 0 eng u
035 _a(Sirsi) u131824
041 0 _aeng
100 1 _aFenn, Katherine
245 0 0 _aConveyancing
260 _c2005
490 0 _aEstates Gazette
_v(548) 3 December 2005, 212-219(7)
520 _aGroup of features covering the impact of major changes in conveyancing on landowners, lessees and their various advisers including surveyors: "Ticking clock" describes the Land Registry's progress on its mission to get all land in England and Wales registered by 2012 and gives a historical overview of why some much land remains unregistered; "Sign up to complete the register" focuses on the Land Registry's promotion of voluntary registration; "Survival is a matter of knowledge" shows that small tenants are finding it increasingly difficult to keep up with the red tape governing leases; "Taking cover speeds the process" reports on the increasing popularity of title insurance policies; "Early learning key" suggests that practitioners should start preparing for the e-conveyancing future, and "Online community" warns that the chain matrix requires case-management systems to talk to each other.
590 _aIKA030106
650 2 4 _aECONVEYANCING
690 _aPROPERTY-PROPERTY ACQUISITION AND DISPOSAL-CONVEYANCING
700 1 _aWilliams, Peter J. G.
700 1 _aDavies, Mark
700 1 _aChamberlain, Linda
700 1 _aBrowne, Paul
700 1 _aSmith, Nigel
700 1 _aRiddick, Mark
942 _n0
999 _c76282
_d76282